[Event "DVM U20w 2020"]
[Site "Willingen GER"]
[Date "2021.06.26"]
[Round "6"]
[White "Rempe, Janne"]
[Black "Daoud, Shahnaz"]
[Result "1/2-1/2"]
[Termination "normal"]
[Board "6.3"]
[WhiteElo "1513"]
[BlackElo "1145"]
[WhiteTeam "SK Doppelbauer Kiel"]
[BlackTeam "SK Lehrte von 1919 e. V."]
[PlyCount "49"]
[WhiteFideId "16202392"]
[BlackFideId "16297750"]
[EventCountry "GER"]
[EventRounds "7"]
[EventType "team-swiss"]
[EventDate "2021.06.23"]

1. d4 d5 2. Nf3 Nf6 3. Bf4 c5 4. c3 Nc6 5. e3 Qb6 6. b3 Bf5 7. Ne5 e6 8. g4 Bg6
9. h4 h5 10. Nxg6 fxg6 11. g5 Nd7 12. Qc2 Ne7 13. Bd3 Nf5 14. Nd2 Bd6 15. Bxd6
Qxd6 16. e4 dxe4 17. Bxe4 cxd4 18. cxd4 Qxd4 19. Rd1 Nc5 20. Rh3 Nxe4 21. Nxe4
Qb4+ 22. Kf1 O-O 23. Rc3 Nxh4 24. Rc4 Qb5 25. Nc5 1/2-1/2

[Event "DVM U20w 2020"]
[Site "Willingen GER"]
[Date "2021.06.26"]
[Round "6"]
[White "de Veer, Mara"]
[Black "Sickmann, Lisa"]
[Result "1-0"]
[Termination "normal"]
[Board "7.1"]
[WhiteElo "1445"]
[BlackElo "1510"]
[WhiteTeam "SC Borussia Lichtenberg 2"]
[BlackTeam "Lübecker SV von 1873"]
[PlyCount "95"]
[WhiteFideId "16217349"]
[BlackFideId "16267818"]
[EventCountry "GER"]
[EventRounds "7"]
[EventType "team-swiss"]
[EventDate "2021.06.23"]

1. e4 e5 2. Nf3 Nc6 3. Bc4 Bc5 4. d3 Nf6 5. c3 a6 6. Bb3 d6 7. h3 h6 8. Nbd2
Ba7 9. Nf1 d5 10. Ng3 O-O 11. O-O Be6 12. Re1 Re8 13. Bd2 Qd7 14. exd5 Bxd5 15.
Bxd5 Qxd5 16. Be3 Rad8 17. Bxa7 Nxa7 18. Re3 c5 19. Qe2 Nc6 20. b3 Qd6 21. Re1
Nd5 22. Qd2 Nxe3 23. Rxe3 f6 24. Nf5 Qe6 25. N3h4 Rd7 26. Rg3 Kh7 27. Qe2 Qf7
28. Rxg7+ Qxg7 29. Nxg7 Rxg7 30. Qe4+ Kh8 31. Nf5 Rh7 32. Nd6 Rd8 33. Nxb7 Rxb7
34. Qxc6 Rf7 35. Qxa6 Kg7 36. Qc4 Rfd7 37. Qxc5 Rxd3 38. a4 R8d7 39. a5 R3d5
40. Qb4 Ra7 41. Qg4+ Kh8 42. b4 Rc7 43. Qf3 Rd6 44. b5 Kg7 45. b6 Rcd7 46. b7
Rd8 47. Qg4+ Kf7 48. Qc8 1-0

[Event "DVM U20w 2020"]
[Site "Willingen GER"]
[Date "2021.06.26"]
[Round "6"]
[White "Schmidt, Antonia"]
[Black "Kampa, Lavinia"]
[Result "1-0"]
[Termination "normal"]
[Board "7.2"]
[WhiteElo "1458"]
[BlackElo "1436"]
[WhiteTeam "Lübecker SV von 1873"]
[BlackTeam "SC Borussia Lichtenberg 2"]
[PlyCount "79"]
[WhiteFideId "16291280"]
[BlackFideId "34606068"]
[EventCountry "GER"]
[EventRounds "7"]
[EventType "team-swiss"]
[EventDate "2021.06.23"]

1. c4 Nf6 2. Nc3 e5 3. g3 d5 4. cxd5 Nxd5 5. Bg2 Nf6 6. d3 Bb4 7. Qa4+ Bd7 8.
Qxb4 Nc6 9. Qb3 O-O 10. Nf3 Re8 11. O-O h6 12. a3 Qc8 13. Qc2 Bh3 14. b4 Qd7
15. Bb2 Bxg2 16. Kxg2 Re7 17. Rad1 Nd4 18. Nxd4 exd4 19. Ne4 Qd5 20. Qc4 Qxc4
21. Nxf6+ gxf6 22. dxc4 Rae8 23. Bxd4 Rxe2 24. Bxf6 R8e6 25. Bd8 c6 26. Rd7 Ra2
27. Rxb7 Rxa3 28. c5 Re8 29. Ba5 Rd3 30. Rxa7 Rd5 31. Rc7 Re6 32. Rc8+ Kg7 33.
Bc7 Rf5 34. Bd6 Re4 35. Rxc6 Rxb4 36. Bf4 Rc4 37. Rd1 Rcxc5 38. Bxh6+ Kh7 39.
Rxc5 Rxc5 40. Be3 1-0

[Event "DVM U20w 2020"]
[Site "Willingen GER"]
[Date "2021.06.26"]
[Round "6"]
[White "Kessen, Fanny"]
[Black "Hellenbroich, Helene"]
[Result "1/2-1/2"]
[Termination "normal"]
[Board "7.3"]
[WhiteElo "1274"]
[BlackElo "1358"]
[WhiteTeam "SC Borussia Lichtenberg 2"]
[BlackTeam "Lübecker SV von 1873"]
[PlyCount "42"]
[WhiteFideId "16217357"]
[BlackFideId "16270754"]
[EventCountry "GER"]
[EventRounds "7"]
[EventType "team-swiss"]
[EventDate "2021.06.23"]

1. e4 e6 2. d4 d5 3. exd5 exd5 4. c3 c6 5. Bd3 Bd6 6. Nf3 Nf6 7. O-O O-O 8. Bg5
Bg4 9. Nbd2 Nbd7 10. Re1 Qc7 11. h3 Bh5 12. Qc2 Rfe8 13. Bf5 b6 14. a4 a5 15.
Rad1 b5 16. Bd3 b4 17. Rc1 bxc3 18. bxc3 Rab8 19. Rb1 Ra8 20. Rb2 Rab8 21. Reb1
Rxb2 1/2-1/2

[Event "DVM U20w 2020"]
[Site "Willingen GER"]
[Date "2021.06.26"]
[Round "6"]
[White "Alscher, Anouk"]
[Black "Ludwig, Lea"]
[Result "1/2-1/2"]
[Termination "normal"]
[Board "7.4"]
[WhiteElo "1100"]
[BlackElo "1222"]
[WhiteTeam "Lübecker SV von 1873"]
[BlackTeam "SC Borussia Lichtenberg 2"]
[PlyCount "80"]
[WhiteFideId "16217292"]
[BlackFideId "16217381"]
[EventCountry "GER"]
[EventRounds "7"]
[EventType "team-swiss"]
[EventDate "2021.06.23"]

1. e4 c5 2. Nf3 Nc6 3. Bc4 d6 4. Nc3 Nf6 5. d3 g6 6. h3 Bg7 7. Be3 a6 8. a4 O-O
9. O-O Bd7 10. Re1 Rc8 11. Qd2 Qc7 12. Bh6 Rfe8 13. Nh4 Ne5 14. Ba2 b5 15. axb5
axb5 16. Bxg7 Kxg7 17. f4 Nc6 18. Nxb5 Qb6 19. c4 Rh8 20. Re3 Nb4 21. Nc3 Nxa2
22. Rxa2 Qb3 23. Rg3 Nh5 24. Rf3 Rcf8 25. g4 Nf6 26. Ra1 Bc6 27. Re3 Qb7 28.
Rae1 Rb8 29. R1e2 h5 30. g5 Ne8 31. e5 d5 32. cxd5 Bxd5 33. f5 e6 34. f6+ Kh7
35. Nxd5 Qxd5 36. Re4 Nc7 37. Nf3 Qb3 38. Rc4 Qb5 39. Rc2 Nd5 40. Ne1 Rhc8
1/2-1/2

[Event "DVM U20w 2020"]
[Site "Willingen GER"]
[Date "2021.06.27"]
[Round "7"]
[White "Peglau, Mirjam"]
[Black "Doll, Rebecca"]
[Result "1/2-1/2"]
[Termination "normal"]
[Board "1.1"]
[WhiteElo "1923"]
[BlackElo "1762"]
[WhiteClock "00:18:00"]
[BlackClock "00:14:02"]
[WhiteTeam "Schachzentrum Seeblick e. V."]
[BlackTeam "OSG Baden-Baden"]
[PlyCount "53"]
[WhiteFideId "16211138"]
[BlackFideId "16236890"]
[EventCountry "GER"]
[EventRounds "7"]
[EventType "team-swiss"]
[EventDate "2021.06.23"]

1. d4 {[%clk 01:30:57]  [%emt 00:00:03]} 1... Nf6 { [%clk 01:30:54]  [%emt
00:00:06]} 2. Nf3 {[%clk 01:30:44]  [%emt 00:00:44]} 2... e6 {[%clk 01:30:28] 
[%emt 00:00:56]} 3. c4 { [%clk 01:30:31]  [%emt 00:00:43]} 3... d5 {[%clk
01:30:51]  [%emt 00:00:07]} 4. Nc3 {[%clk 01:29:57]  [%emt 00:01:05]} 4... c6 {
[%clk 01:30:21]  [%emt 00:00:59]} 5. e3 {[%clk 01:30:14]  [%emt 00:00:13]} 5...
b6 {[%clk 01:20:20]  [%emt 00:10:31]} 6. cxd5 {[%clk 01:25:29]  [%emt 00:05:16]
} 6... cxd5 {[%clk 01:14:15]  [%emt 00:06:34]} 7. Bd2 { [%clk 01:21:33]  [%emt
00:04:26]} 7... Be7 {[%clk 01:12:50]  [%emt 00:01:55]} 8. Bd3 {[%clk 01:21:04] 
[%emt 00:00:59]} 8... O-O { [%clk 01:12:38]  [%emt 00:00:42]} 9. O-O {[%clk
01:21:27]  [%emt 00:00:07]} 9... Ba6 {[%clk 01:08:15]  [%emt 00:04:52]} 10. Qe2
{ [%clk 01:14:30]  [%emt 00:07:28]} 10... Bxd3 {[%clk 01:07:10]  [%emt
00:01:36]} 11. Qxd3 {[%clk 01:14:57]  [%emt 00:00:03]} 11... Nc6 { [%clk
01:06:16]  [%emt 00:01:23]} 12. Rac1 {[%clk 01:11:47]  [%emt 00:03:41]} 12...
Rc8 {[%clk 01:03:54]  [%emt 00:02:51]} 13. Qb5 { [%clk 00:57:36]  [%emt
00:14:41]} 13... Qd7 {[%clk 00:48:48]  [%emt 00:15:36]} 14. Rfd1 {[%clk
00:50:10]  [%emt 00:07:56]} 14... Bd6 { [%clk 00:44:52]  [%emt 00:04:26]} 15.
a3 {[%clk 00:42:29]  [%emt 00:08:11]} 15... Ne4 {[%clk 00:33:03]  [%emt
00:12:19]} 16. Nxe4 { [%clk 00:31:43]  [%emt 00:11:16]} 16... dxe4 {[%clk
00:33:16]  [%emt 00:00:17]} 17. Ne1 {[%clk 00:31:44]  [%emt 00:00:30]} 17...
Bb8 { [%clk 00:30:13]  [%emt 00:03:31]} 18. Nc2 {[%clk 00:26:12]  [%emt
00:06:03]} 18... Qd5 {[%clk 00:25:52]  [%emt 00:04:51]} 19. Qxd5 { [%clk
00:23:56]  [%emt 00:02:46]} 19... exd5 {[%clk 00:26:16]  [%emt 00:00:06]} 20.
Nb4 {[%clk 00:23:52]  [%emt 00:00:35]} 20... Nxb4 { [%clk 00:25:41]  [%emt
00:01:04]} 21. Bxb4 {[%clk 00:24:20]} 21... Rfe8 { [%clk 00:24:47]  [%emt
00:01:24]} 22. a4 {[%clk 00:21:07]  [%emt 00:03:44]} 22... a5 {[%clk 00:17:58] 
[%emt 00:07:19]} 23. Ba3 { [%clk 00:20:46]  [%emt 00:00:51]} 23... f6 {[%clk
00:16:59]  [%emt 00:01:30]} 24. Kf1 {[%clk 00:19:33]  [%emt 00:01:43]} 24...
Kf7 { [%clk 00:16:31]  [%emt 00:00:57]} 25. Ke2 {[%clk 00:19:46]  [%emt
00:00:19]} 25... Ke6 {[%clk 00:15:14]  [%emt 00:01:46]} 26. h3 { [%clk
00:19:09]  [%emt 00:01:08]} 26... Bd6 {[%clk 00:14:02]  [%emt 00:01:41]} 27.
Bxd6 {[%clk 00:18:00]  [%emt 00:01:40]} 1/2-1/2

[Event "DVM U20w 2020"]
[Site "Willingen GER"]
[Date "2021.06.27"]
[Round "7"]
[White "Schneider, Katharina"]
[Black "Peglau, Dora"]
[Result "0-1"]
[Termination "normal"]
[Board "1.2"]
[WhiteElo "1744"]
[BlackElo "1673"]
[WhiteClock "00:07:50"]
[BlackClock "00:13:36"]
[WhiteTeam "OSG Baden-Baden"]
[BlackTeam "Schachzentrum Seeblick e. V."]
[PlyCount "60"]
[WhiteFideId "16200519"]
[BlackFideId "16220005"]
[EventCountry "GER"]
[EventRounds "7"]
[EventType "team-swiss"]
[EventDate "2021.06.23"]

1. e4 {[%clk 01:30:57]  [%emt 00:00:03]} 1... c6 { [%clk 01:30:56]  [%emt
00:00:04]} 2. d4 {[%clk 01:31:24]  [%emt 00:00:04]} 2... d5 {[%clk 01:31:20] 
[%emt 00:00:06]} 3. f3 {[%clk 01:31:50]  [%emt 00:00:03]} 3... e6 {[%clk
01:31:39]  [%emt 00:00:11]} 4. Nc3 { [%clk 01:32:09]  [%emt 00:00:11]} 4... b5
{[%clk 01:31:07]  [%emt 00:01:02]} 5. a3 {[%clk 01:30:28]  [%emt 00:02:11]}
5... a5 {[%clk 01:28:04]  [%emt 00:03:33] } 6. Bf4 {[%clk 01:26:55]  [%emt
00:04:03]} 6... Ba6 { [%clk 01:22:46]  [%emt 00:05:49]} 7. Nge2 {[%clk
01:09:43]  [%emt 00:17:42]} 7... Nf6 {[%clk 01:18:02]  [%emt 00:05:14]} 8. e5 {
[%clk 01:05:17]  [%emt 00:04:56]} 8... Nfd7 {[%clk 01:18:20]  [%emt 00:00:11]}
9. g4 {[%clk 01:01:34]  [%emt 00:04:13]} 9... c5 { [%clk 01:13:19]  [%emt
00:05:32]} 10. h4 {[%clk 00:49:22]  [%emt 00:12:41]} 10... Nc6 {[%clk 01:10:09]
 [%emt 00:03:41]} 11. a4 { [%clk 00:40:24]  [%emt 00:09:28]} 11... bxa4 {[%clk
00:58:55]  [%emt 00:11:43]} 12. Nxa4 {[%clk 00:38:01]  [%emt 00:02:53]} 12...
Bxe2 { [%clk 00:55:58]  [%emt 00:03:27]} 13. Bxe2 {[%clk 00:38:21]  [%emt
00:00:10]} 13... Nxd4 {[%clk 00:53:20]  [%emt 00:03:08]} 14. c3 { [%clk
00:38:00]  [%emt 00:00:52]} 14... Nxe2 {[%clk 00:49:44]  [%emt 00:04:06]} 15.
Qxe2 {[%clk 00:38:15]  [%emt 00:00:15]} 15... Be7 { [%clk 00:49:06]  [%emt
00:01:08]} 16. Bg3 {[%clk 00:34:25]  [%emt 00:04:19]} 16... O-O {[%clk
00:43:10]  [%emt 00:06:27]} 17. g5 { [%clk 00:33:33]  [%emt 00:01:22]} 17...
Rb8 {[%clk 00:40:23]  [%emt 00:03:18]} 18. f4 {[%clk 00:31:32]  [%emt
00:02:30]} 18... Nb6 { [%clk 00:35:07]  [%emt 00:05:45]} 19. h5 {[%clk
00:30:38]  [%emt 00:01:23]} 19... Nxa4 {[%emt 00:02:00]} 20. Rxa4 {[%clk
00:31:04]  [%emt 00:00:04]} 20... Qb6 {[%clk 00:33:40]  [%emt 00:00:28]} 21.
Rh2 { [%clk 00:31:08]  [%emt 00:00:26]} 21... Qb5 {[%clk 00:33:00]  [%emt
00:01:11]} 22. Qc2 {[%clk 00:31:27]  [%emt 00:00:10]} 22... Bd8 { [%clk
00:27:41]  [%emt 00:05:49]} 23. Ra3 {[%clk 00:27:38]  [%emt 00:04:20]} 23... c4
{[%clk 00:21:41]  [%emt 00:06:30]} 24. g6 { [%clk 00:23:31]  [%emt 00:04:36]}
24... fxg6 {[%clk 00:20:59]  [%emt 00:01:12]} 25. hxg6 {[%clk 00:23:40]  [%emt
00:00:19]} 25... h6 { [%clk 00:21:03]  [%emt 00:00:27]} 26. Qe2 {[%clk
00:19:39]  [%emt 00:04:31]} 26... Qc5 {[%clk 00:16:38]  [%emt 00:04:55]} 27.
Kf1 { [%clk 00:13:13]  [%emt 00:06:56]} 27... Bb6 {[%clk 00:14:48]  [%emt
00:02:20]} 28. Rg2 {[%clk 00:12:40]  [%emt 00:01:04]} 28... Qe3 { [%clk
00:13:37]  [%emt 00:01:41]} 29. Qg4 {[%clk 00:08:29]  [%emt 00:04:40]} 29...
Qc1+ {[%clk 00:13:24]  [%emt 00:00:44]} 30. Be1 { [%clk 00:07:50]  [%emt
00:01:09]} 30... Rxf4+ {[%clk 00:13:36]  [%emt 00:00:18] } 0-1

[Event "DVM U20w 2020"]
[Site "Willingen GER"]
[Date "2021.06.27"]
[Round "7"]
[White "Peglau, Sarah"]
[Black "Schneider, Anna"]
[Result "1/2-1/2"]
[Termination "normal"]
[Board "1.3"]
[WhiteElo "1733"]
[BlackElo "1714"]
[WhiteClock "00:01:06"]
[BlackClock "00:05:18"]
[WhiteTeam "Schachzentrum Seeblick e. V."]
[BlackTeam "OSG Baden-Baden"]
[PlyCount "67"]
[WhiteFideId "16219961"]
[BlackFideId "16200527"]
[EventCountry "GER"]
[EventRounds "7"]
[EventType "team-swiss"]
[EventDate "2021.06.23"]

1. d4 {[%clk 01:30:58]  [%emt 00:00:02]} 1... d5 { [%clk 01:30:54]  [%emt
00:00:05]} 2. Nf3 {[%clk 01:31:21]  [%emt 00:00:07]} 2... e6 {[%clk 01:30:58] 
[%emt 00:00:26]} 3. g3 { [%clk 01:31:34]  [%emt 00:00:18]} 3... c5 {[%clk
01:30:18]  [%emt 00:01:09]} 4. Bg2 {[%clk 01:31:51]  [%emt 00:00:14]} 4... Nf6
{ [%clk 01:27:20]  [%emt 00:03:28]} 5. O-O {[%clk 01:32:02]  [%emt 00:00:19]}
5... Be7 {[%clk 01:25:24]  [%emt 00:02:26]} 6. c4 { [%clk 01:30:49]  [%emt
00:01:43]} 6... O-O {[%clk 01:22:53]  [%emt 00:03:01]} 7. Nc3 {[%clk 01:28:43] 
[%emt 00:02:36]} 7... b6 { [%clk 01:19:01]  [%emt 00:04:22]} 8. dxc5 {[%clk
01:22:22]  [%emt 00:06:51]} 8... Bxc5 {[%clk 01:16:31]  [%emt 00:03:00]} 9. Bg5
{ [%clk 01:19:03]  [%emt 00:03:49]} 9... Bb7 {[%clk 01:08:12]  [%emt 00:08:48]}
10. cxd5 {[%clk 01:12:15]  [%emt 00:07:19]} 10... exd5 { [%clk 01:01:25]  [%emt
00:07:17]} 11. Bxf6 {[%clk 01:10:54]  [%emt 00:01:51]} 11... Qxf6 {[%clk
00:59:56]  [%emt 00:01:59]} 12. Nxd5 { [%clk 01:10:35]  [%emt 00:00:49]} 12...
Bxd5 {[%clk 00:54:00]  [%emt 00:06:26]} 13. Qxd5 {[%clk 01:11:03]} 13... Nc6
{[%clk 00:53:19]  [%emt 00:01:12]} 14. a3 {[%clk 00:58:12]  [%emt 00:13:21]}
14... Rad8 {[%clk 00:50:06]  [%emt 00:03:43] } 15. Qh5 {[%clk 00:58:09]  [%emt
00:00:33]} 15... Nd4 { [%clk 00:46:13]  [%emt 00:04:22]} 16. b4 {[%clk
00:44:58]  [%emt 00:13:41]} 16... Nxe2+ {[%clk 00:40:41]  [%emt 00:06:03]} 17.
Kh1 {[%clk 00:45:27]} 17... Be7 {[%clk 00:39:58]  [%emt 00:01:13]} 18. Rfe1 {
[%clk 00:43:30]  [%emt 00:02:27]} 18... Nd4 {[%clk 00:36:33]  [%emt 00:03:55]}
19. Nxd4 {[%clk 00:41:13]  [%emt 00:02:47]} 19... Rxd4 { [%clk 00:36:32]  [%emt
00:00:31]} 20. Rac1 {[%clk 00:31:29]  [%emt 00:10:13]} 20... Rd2 {[%clk
00:29:47]  [%emt 00:07:16]} 21. Re2 { [%clk 00:24:30]  [%emt 00:07:29]} 21...
Qb2 {[%clk 00:27:24]  [%emt 00:02:52]} 22. Rce1 {[%clk 00:23:42]  [%emt
00:01:17]} 22... Bf6 { [%clk 00:24:01]  [%emt 00:03:54]} 23. Rxd2 {[%clk
00:15:56]  [%emt 00:08:17]} 23... Qxd2 {[%clk 00:24:13]  [%emt 00:00:18]} 24.
Qe2 { [%clk 00:16:19]  [%emt 00:00:07]} 24... Qc3 {[%clk 00:22:56]  [%emt
00:01:48]} 25. Qe3 {[%clk 00:16:14]  [%emt 00:00:34]} 25... Qxe3 { [%clk
00:21:04]  [%emt 00:02:23]} 26. Rxe3 {[%clk 00:16:25]  [%emt 00:00:19]} 26...
Rd8 {[%clk 00:20:31]  [%emt 00:01:03]} 27. h4 { [%clk 00:16:30]  [%emt
00:00:25]} 27... g6 {[%clk 00:19:23]  [%emt 00:01:39]} 28. Bc6 {[%clk 00:08:31]
 [%emt 00:08:28]} 28... Rd2 { [%clk 00:15:13]  [%emt 00:04:40]} 29. Rf3 {[%clk
00:06:09]  [%emt 00:02:51]} 29... Kg7 {[%clk 00:13:12]  [%emt 00:02:33]} 30.
Kg2 { [%clk 00:05:28]  [%emt 00:01:10]} 30... Rd6 {[%clk 00:08:51]  [%emt
00:04:50]} 31. b5 {[%clk 00:05:00]  [%emt 00:00:58]} 31... a6 { [%clk 00:06:44]
 [%emt 00:02:38]} 32. a4 {[%clk 00:04:37]  [%emt 00:00:54]} 32... a5 {[%clk
00:05:49]  [%emt 00:01:24]} 33. Re3 { [%clk 00:00:38]  [%emt 00:04:29]} 33...
Rd4 {[%clk 00:05:18]  [%emt 00:01:01]} 34. Re4 {[%clk 00:01:06]  [%emt
00:00:02]} 1/2-1/2

[Event "DVM U20w 2020"]
[Site "Willingen GER"]
[Date "2021.06.27"]
[Round "7"]
[White "Visvikis, Kassandra"]
[Black "Peglau, Charis"]
[Result "0-1"]
[Termination "normal"]
[Board "1.4"]
[WhiteElo "1610"]
[BlackElo "1726"]
[WhiteClock "00:22:56"]
[BlackClock "00:09:35"]
[WhiteTeam "OSG Baden-Baden"]
[BlackTeam "Schachzentrum Seeblick e. V."]
[PlyCount "102"]
[WhiteFideId "36052167"]
[BlackFideId "16219996"]
[EventCountry "GER"]
[EventRounds "7"]
[EventType "team-swiss"]
[EventDate "2021.06.23"]

1. e4 {[%clk 01:30:59]} 1... c6 {[%clk 01:30:54]  [%emt 00:00:07]} 2. d4 {
[%clk 01:31:26]  [%emt 00:00:04]} 2... d5 {[%clk 01:31:19]  [%emt 00:00:03]} 3.
Nd2 {[%clk 01:31:53]  [%emt 00:00:04]} 3... dxe4 { [%clk 01:31:43]  [%emt
00:00:06]} 4. Nxe4 {[%clk 01:32:20]  [%emt 00:00:02]} 4... Bf5 {[%clk 01:32:03]
 [%emt 00:00:11]} 5. Ng3 { [%clk 01:32:23]  [%emt 00:00:27]} 5... Bg6 {[%clk
01:32:29]  [%emt 00:00:05]} 6. h4 {[%clk 01:32:08]  [%emt 00:00:44]} 6... h6 {
[%clk 01:32:53]  [%emt 00:00:06]} 7. Nf3 {[%clk 01:31:47]  [%emt 00:00:51]}
7... Nd7 {[%clk 01:33:17]  [%emt 00:00:06]} 8. Bc4 { [%clk 01:21:46]  [%emt
00:10:31]} 8... Ngf6 {[%clk 01:29:15]  [%emt 00:04:32]} 9. Be3 {[%clk 01:17:15]
 [%emt 00:05:01]} 9... e6 { [%clk 01:27:25]  [%emt 00:02:21]} 10. Qd2 {[%clk
01:15:52]  [%emt 00:01:52]} 10... Bd6 {[%clk 01:24:33]  [%emt 00:03:22]} 11. c3
{ [%clk 01:08:35]  [%emt 00:07:46]} 11... Bxg3 {[%clk 01:23:01]  [%emt
00:02:03]} 12. fxg3 {[%clk 01:08:41]  [%emt 00:00:24]} 12... Ne4 { [%clk
01:23:20]  [%emt 00:00:11]} 13. Qc1 {[%clk 01:08:34]  [%emt 00:00:37]} 13...
Nxg3 {[%clk 01:23:08]  [%emt 00:00:42]} 14. Rh3 { [%clk 01:08:19]  [%emt
00:00:43]} 14... Ne4 {[%clk 01:20:47]  [%emt 00:02:53]} 15. Nd2 {[%clk
01:07:27]  [%emt 00:01:22]} 15... Nd6 { [%clk 01:16:31]  [%emt 00:04:46]} 16.
Bb3 {[%clk 01:07:39]  [%emt 00:00:16]} 16... Nf5 {[%clk 01:14:25]  [%emt
00:02:38]} 17. Bf2 { [%clk 01:07:08]  [%emt 00:01:00]} 17... Nf6 {[%clk
01:07:22]  [%emt 00:07:34]} 18. Bc2 {[%clk 01:01:20]  [%emt 00:06:17]} 18...
Ng4 { [%clk 01:06:30]  [%emt 00:01:23]} 19. h5 {[%clk 01:01:10]  [%emt
00:00:40]} 19... Nxf2 {[%clk 01:03:39]  [%emt 00:03:21]} 20. Kxf2 { [%clk
01:01:30]  [%emt 00:00:08]} 20... Bh7 {[%clk 01:03:59]  [%emt 00:00:12]} 21.
Nf3 {[%clk 00:53:49]  [%emt 00:08:10]} 21... Qd5 { [%clk 00:47:15]  [%emt
00:17:15]} 22. Qf4 {[%clk 00:42:05]  [%emt 00:12:13]} 22... Qd6 {[%clk
00:44:07]  [%emt 00:03:39]} 23. Qg4 { [%clk 00:35:22]  [%emt 00:07:12]} 23...
O-O-O {[%clk 00:41:25]  [%emt 00:03:13] } 24. Ne5 {[%clk 00:27:33]  [%emt
00:08:19]} 24... Qe7 { [%clk 00:18:42]  [%emt 00:23:13]} 25. Rf3 {[%clk
00:15:47]  [%emt 00:12:16]} 25... f6 {[%clk 00:12:15]  [%emt 00:06:58]} 26. Nc4
{ [%clk 00:09:54]  [%emt 00:06:22]} 26... Nxd4 {[%clk 00:10:24]  [%emt
00:02:21]} 27. cxd4 {[%clk 00:09:14]  [%emt 00:01:09]} 27... Bxc2 { [%clk
00:10:50]  [%emt 00:00:06]} 28. Re1 {[%clk 00:09:19]  [%emt 00:00:24]} 28... f5
{[%clk 00:10:23]  [%emt 00:00:57]} 29. Qf4 { [%clk 00:08:23]  [%emt 00:01:25]}
29... Be4 {[%clk 00:10:18]  [%emt 00:00:35]} 30. Ra3 {[%clk 00:07:45]  [%emt
00:01:07]} 30... Qc7 { [%clk 00:08:49]  [%emt 00:02:02]} 31. Qe3 {[%clk
00:06:06]  [%emt 00:02:08]} 31... a6 {[%clk 00:07:28]  [%emt 00:01:51]} 32. Ne5
{ [%clk 00:05:17]  [%emt 00:01:18]} 32... Rhf8 {[%clk 00:07:14]  [%emt
00:00:44]} 33. Kg1 {[%clk 00:03:52]  [%emt 00:01:56]} 33... Qd6 { [%clk
00:06:31]  [%emt 00:01:13]} 34. Rd1 {[%clk 00:03:28]  [%emt 00:00:53]} 34...
Bd5 {[%clk 00:05:38]  [%emt 00:01:23]} 35. Qd3 { [%clk 00:03:10]  [%emt
00:00:48]} 35... Qc7 {[%clk 00:05:37]  [%emt 00:00:31]} 36. Qe2 {[%clk
00:02:38]  [%emt 00:01:03]} 36... Rf6 { [%clk 00:05:23]  [%emt 00:00:43]} 37.
Rdd3 {[%clk 00:02:30]  [%emt 00:00:38]} 37... f4 {[%clk 00:04:37]  [%emt
00:01:19]} 38. Rdc3 { [%clk 00:01:39]  [%emt 00:01:19]} 38... Rd6 {[%clk
00:04:03]  [%emt 00:01:05]} 39. b4 {[%emt 00:00:31]} 39... Kd8 {[%clk 00:03:47]
 [%emt 00:00:43]} 40. Qg4 { [%clk 00:01:27]  [%emt 00:00:42]} 40... Rf5 {[%clk
00:02:13]  [%emt 00:02:05]} 41. Qg6 {[%clk 00:30:13]  [%emt 00:01:43]} 41...
Qe7 { [%clk 00:22:30]  [%emt 00:10:15]} 42. Rc2 {[%clk 00:25:31]  [%emt
00:05:10]} 42... f3 {[%clk 00:20:09]  [%emt 00:02:53]} 43. Rf2 { [%clk
00:24:07]  [%emt 00:01:54]} 43... Qf6 {[%clk 00:14:47]  [%emt 00:05:52]} 44.
Qh7 {[%clk 00:22:06]  [%emt 00:02:31]} 44... fxg2 { [%clk 00:13:53]  [%emt
00:01:25]} 45. Rxf5 {[%clk 00:22:17]  [%emt 00:00:18]} 45... Qxf5 {[%clk
00:11:28]  [%emt 00:02:57]} 46. Qg8+ { [%clk 00:21:26]  [%emt 00:01:20]} 46...
Kc7 {[%clk 00:11:49]  [%emt 00:00:07]} 47. Qxg7+ {[%clk 00:21:51]  [%emt
00:00:05]} 47... Kb6 { [%clk 00:12:07]  [%emt 00:00:12]} 48. Rf3 {[%clk
00:21:45]  [%emt 00:00:35]} 48... Bxf3 {[%clk 00:08:25]  [%emt 00:04:13]} 49.
Nc4+ { [%clk 00:22:05]  [%emt 00:00:12]} 49... Ka7 {[%clk 00:08:50]  [%emt
00:00:03]} 50. Nxd6 {[%clk 00:22:32]  [%emt 00:00:04]} 50... Qb1+ { [%clk
00:09:11]  [%emt 00:00:07]} 51. Kh2 {[%clk 00:22:56]  [%emt 00:00:05]} 51...
Qh1+ {[%clk 00:09:35]  [%emt 00:00:07]} 0-1